Αναζητήσεις

Αποθηκεύτηκε σε:
Λεπτομέρειες βιβλιογραφικής εγγραφής
Κύριος συγγραφέας: Ionesco, Eugène
Άλλοι συγγραφείς: Σκάρα, Μίρκα (trlf)
Μορφή: Βιβλίο
Γλώσσα:Greek
French
Δημοσίευση: Αθήνα : Ροές, c1986.
Σειρά:Το βιβλίο του μήνα (Ροές)
Θέματα:
Ετικέτες: Προσθήκη ετικέτας
Δεν υπάρχουν, Καταχωρήστε ετικέτα πρώτοι!

MARC

LEADER 00000nam a2200000 a 4500
001 1/126535
008 230509t1986 gr | ||| |||| ||gre||
040 |a GR-MyUa  |b gre  |c GR-MyUa  |e AACR2 
041 1 |a gre  |h fre 
082 7 |a 844   |2 (23) 
100 1 |a Ionesco, Eugène. 
245 1 0 |a Αναζητήσεις /   |c E. Ionesco ; μετάφραση Μ. Σκάρα, επιμέλεια κειμένου Ε. Κ. Γαζής, Γ. Ξενάριος.  
260 |a Αθήνα :   |b Ροές,   |c c1986.  
300 |a 227 σ. ;   |c 18 εκ. 
490 1 |a (Το βιβλίο του μήνα / Ροές) 
500 |a Τίτλος πρωτοτύπου: Un homme en question.  
600 1 0 |a Ionesco, Eugène. 
650 0 |a French essays. 
700 1 |a Σκάρα, Μίρκα,  |e trlf 
830 0 |a Το βιβλίο του μήνα (Ροές) 
852 |a INST  |b SAMOS  |e 20230509  |h 844 ION  |p 005300047979  |q 005300047979  |t BK  |y 0 
970 |a Γουβάλα  |b Βάσω  |z 09-05-2023